000 00910nam a2200241 a 4500
001 000043860
005 20201002045018.0
008 140507s1996 sp ac 001 0 spa d
020 _a8487737161
040 _aDO-SdBNP
_bspa
_cBNPHU
090 _azzz
_bzzz
111 2 _aSemana Internacional de Cine de Valladolid
_n(14 :
_d1996 :
_cEspaña )
_971731
245 1 0 _aCine Australiano :
_b41 Semana Internacional de Cine de Valladolid /
_cDebi Enker, Graham Shirley, Scott Murray ; traducción, Denise o'Keeffe.
260 _aValladolid :
_bSemana Internacional de Cine de Valladolid,
_c1996.
300 _a213 p. :
_bil., retrs. ;
_c25 cm.
500 _aIncluye índice
650 4 _aCine
_zAustralia
_971732
650 4 _aProductores y directores de cine
_971733
700 1 2 _aEnker, Debi
_971734
700 1 2 _aShirley, Graham
_971735
700 1 2 _aMurray, Scott
_971736
700 1 2 _ao'Keeffe, Denise
_etr.
_971737
999 _c43349
_d43349